| 000 | 00325nam a2200121Ia 4500 | ||
|---|---|---|---|
| 008 | 210430s9999 xx 000 0 und d | ||
| 082 | _a532 P574 P | ||
| 100 | _aW.T.MayoJR | ||
| 245 |
_aPhoton Correlation Techniques in Fluid Mechanics _cW.T.MayoJR |
||
| 260 |
_acopy _bW.T.MayoJR _c1980 |
||
| 300 | _a29-6 | ||
| 942 |
_cBK _2ddc |
||
| 999 |
_c563489 _d563489 |
||